Normal view
MARC view
- হক, মুহাম্মদ হামিদুল
Entry Personal Name
001 - CONTROL NUMBER
- control field: 4548
003 - CONTROL NUMBER IDENTIFIER
- control field: OSt
005 - DATE AND TIME OF LATEST TRANSACTION
- control field: 20220410003447.0
008 - FIXED-LENGTH DATA ELEMENTS
- fixed length control field: 220410|| aca||aabn | a|a d
040 ## - CATALOGING SOURCE
- Original cataloging agency: OSt
100 ## - HEADING--PERSONAL NAME
- Personal name: হক, মুহাম্মদ হামিদুল
